| 000 | 00770cam a22002533a 4500 | ||
|---|---|---|---|
| 001 | 39150 | ||
| 003 | PGUSA | ||
| 005 | 20140828083853.0 | ||
| 008 | 120314s2012||||xxu|||||s|||||000 1 eng d | ||
| 040 |
_aPGUSA _beng |
||
| 042 | _adc | ||
| 050 | 4 | _aPZ | |
| 100 | 1 | _aStrang, Herbert | |
| 245 | 1 | 2 |
_aA Hero of Liége : _bA Story of the Great War _h[electronic resource] / _cHerbert Strang |
| 260 |
_bProject Gutenberg, _c2012 |
||
| 506 | _aPublic domain in the USA. | ||
| 516 | _aElectronic text | ||
| 653 | _aWorld War, 1914-1918 -- France -- Juvenile fiction | ||
| 700 | 1 |
_aCuneo, Cyrus, _d1879-1916 |
|
| 740 | 0 | _aA Hero of Liège: A Story of the Great War | |
| 830 | 0 |
_aProject Gutenberg _v39150 |
|
| 856 | 4 | 0 | _uhttp://www.gutenberg.org/ebooks/39150 |
| 942 | _cEB | ||
| 999 |
_c268403 _d268403 |
||